000 00781nam a2200217Ia 4500
003 OSt
005 20260122192924.0
007 ca aa aaaaa
008 201103s9999 xx 000 0 und d
040 _cSSBUL
_aSSBUL
041 _abur
082 _a၉၅၉.၁၁၅၂
_bတင်
100 _a တင်နိုင်တိုး
_914445
245 1 0 _aအပူပိုင်းဒေသ၏အိုအေစစ်ပုပ္ပါး /
_cတင်နိုင်တိုး။
260 _aရန်ကုန် ၊
_bယုံကြည်ချက်စာပေ၊
_c၂၀၁၄။
300 _a၁၃၆ စာမျက်နှာ ၊
_c၁၈ စင်တီ။
500 _aS-SAT: Dr. Prof Sai Aung Tun
942 _cBK1
942 _2ddc
942 _2ddc
999 _c16629
_d16629